Electrical Energy harvesting Using Solar Radiations / (Record no. 190737)

000 -LEADER
fixed length control field 00967 a2200193 4500
003 - CONTROL NUMBER IDENTIFIER
control field NUST
005 - DATE AND TIME OF LATEST TRANSACTION
control field 20251124183359.0
040 ## - CATALOGING SOURCE
Transcribing agency Nust
082 ## - DEWEY DECIMAL CLASSIFICATION NUMBER
Classification number 621.382,ANJ
100 ## - MAIN ENTRY--PERSONAL NAME
Personal name Anjum, Ali (TE-45/TCC-20)
9 (RLIN) 131487
245 ## - TITLE STATEMENT
Title Electrical Energy harvesting Using Solar Radiations /
Statement of responsibility, etc. Ali Anjum, Jawad Khalid, Mehreen Rehman & Sidra Javed TE-45/TCC-20
260 ## - PUBLICATION, DISTRIBUTION, ETC.
Name of publisher, distributor, etc. Rawalpindi
Place of publication, distribution, etc. MCS (NUST)
Date of publication, distribution, etc. 2012
300 ## - PHYSICAL DESCRIPTION
Extent xiii,53 p.;
505 ## - FORMATTED CONTENTS NOTE
Formatted contents note Introduction (Page-1), Material Selection (Page-6), Software Simulation of Solar Antenna (Single and Serial Array) (Page-10), Software Simulation of Solar Electrical Power Combiner (Page-16), Hardware Fabrication of Simulation Solar Antenna Models at CMND (Page-25), Testing Antenna and Comparation of Research Work (Page-39), Conclusion and Future Work (Page-47), References (Page-53).
650 ## - SUBJECT ADDED ENTRY--TOPICAL TERM
Topical term or geographic name entry element UG Projects
9 (RLIN) 98716
651 ## - SUBJECT ADDED ENTRY--GEOGRAPHIC NAME
Geographic name TE-45/TCC-20
9 (RLIN) 131488
700 ## - ADDED ENTRY--PERSONAL NAME
Personal name Supervised by Dr. Naveed Rao
9 (RLIN) 132051
942 ## - ADDED ENTRY ELEMENTS (KOHA)
Koha item type Project Report
Source of classification or shelving scheme
Holdings
Withdrawn status Lost status Source of classification or shelving scheme Damaged status Not for loan Permanent Location Current Location Shelving location Date acquired Full call number Barcode Date last seen Price effective from Koha item type Public note Total Checkouts
          Military College of Signals (MCS) Military College of Signals (MCS) Reference 12/12/2016 621.382, ANJ MCSPTC-140 12/08/2016 12/12/2016 Project Report Almirah No. 94, Shelf No. 3  
          Military College of Signals (MCS) Military College of Signals (MCS) Reference 10/16/2025 621.382, ANJ MCSPTC-141 10/16/2025 10/16/2025 Project Report Almirah No. 94, Shelf No. 3  
          Military College of Signals (MCS) Military College of Signals (MCS) Reference 10/16/2025 621.382, ANJ MCSPTC-149 10/16/2025 10/16/2025 Project Report Almirah No. 94, Shelf No. 3  
          Military College of Signals (MCS) Military College of Signals (MCS)   11/24/2025 621.382,ANJ MCSPTE-199 11/24/2025 11/24/2025 Project Report    
© 2023 Central Library, National University of Sciences and Technology. All Rights Reserved.